ბათუმის შოთა რუსთაველის სახელმწიფო უნივერსიტეტის ბიბლიოთეკა

ქორწინება სამოთხისა და ჯოჯოხეთისა / (ბიბ.ჩანაწერი № 55684)

000 -ლიდერი
ფიქსირებული სიგრძის საკონტროლო ველი 01205nam a2200265Ia 4500
001 - საკონტროლო ნომერი
საკონტროლო ველი 22779
003 - საკონტროლო ნომრის იდენტიფიკატორი
საკონტროლო ველი GE_BSU
005 - ბოლო ოპერაციის თარიღი და დრო
საკონტროლო ველი 20230518171214.0
008 - ფიქსირებული სიგრძის მონაცემთა ელემენტები - ზოგადი ინფორმაცია
ფიქსირებული სიგრძის საკონტროლო ველი 181216s ||||ge |||||||||||||| ||geo||
020 ## - წიგნის საერთაშორისო სტანდარტული ნომერი
International Standard Book Number 9789941261329
040 ## - კატალოგიზაციის წყარო
Transcribing agency GE_BSU
041 ## - ენის კოდი
Language code of text/sound track or separate title geo
080 ## - უნივერსალური ათობითი კლასიფიკაციის ინდექსი
Universal Decimal Classification number 821.111-1 ბ-74
100 ## - მთავარი ჩანაწერი - პიროვნების სახელი
Personal name ბლეიკი, უილიამ
9 (RLIN) 18131
245 ## - ცნობა სათაურის შესახებ
Title ქორწინება სამოთხისა და ჯოჯოხეთისა /
Statement of responsibility, etc უილიამ ბლეიკი ; ინგლისურიდან თარგმნა ხატია გაგნიძემ.
264 ## - წარმოების, გამოცემის, დისტრიბუციის და სხვა ცნობები
გამოცემის, წარმოების, დისტრიბუციის... ადგილი თბილისი :
გამოცემის, წარმოების, დისტრიბუციის... სახელწოდება უნივერსალი,
გამოცემის, წარმოების, დისტრიბუციის... თარიღი 2017.
300 ## - ფიზიკური აღწერა
Extent 50 გვ. ;
Dimensions 14 სმ.
500 ## - ზოგადი შენიშვნა
General note პარალელური სათაური ინგლისურ ენაზე
520 ## - SUMMARY, ETC.
Summary, etc პარალ. სათ. ინგლ.
653 ## - INDEX TERM--UNCONTROLLED
Uncontrolled term ინგლისელი მწერლები
653 ## - INDEX TERM--UNCONTROLLED
Uncontrolled term ქორწინება სამოთხისა და ჯოჯოხეთისა
700 ## - ADDED ENTRY--PERSONAL NAME
Personal name გაგნიძე, ხატია
Relator term მთარგმნელი
9 (RLIN) 17979
942 ## - ADDED ENTRY ELEMENTS (KOHA)
Koha item type წიგნი
Source of classification or shelving scheme
ეგზემპლარები
ჩამოწერის სტატუსი დაკარგული ეგზემპლარის სტატუსი კლასიფიკაციის წყარო ან თაროზე გაწყობის სქემა დაზიანების სტატუსი არ გაიცემა მუდმივი მდებარეობა (დაცვის ადგილი) ამჟამინდელი ადგილსამყოფელი თაროზე განთავსების ადგილი შეძენის თარიღი ღირებულება, შესყიდვის ნორმალური ფასი სრული შენახვის შიფრი შტრიხკოდი ბოლო ოპერაციის თარიღი ეგზემპლარის მიმდევრობითი ნომერი (კეტერი?) ფასის ძალაში შესვლის თარიღი ეგზემპლარის სახეობა საჯარო შენიშვნა
          ბათუმის შოთა რუსთაველის სახელმწიფო უნივერსიტეტის მთავარი ბიბლიოთეკა ბათუმის შოთა რუსთაველის სახელმწიფო უნივერსიტეტის მთავარი ბიბლიოთეკა წიგნსაცავი 2018-12-17 2.00 821.111-1 ბ-74 58255 2018-12-17 58255 2018-12-17 წიგნი 2.00 ₾.